| 000 | 00565nam a2200205Ia 4500 | ||
|---|---|---|---|
| 005 | 20251020182610.0 | ||
| 008 | 200515s9999 xx 000 0 und d | ||
| 082 | _aSC/624.05/P45 | ||
| 110 | _aPontificia Universidad Católica del Perú | ||
| 245 | 0 | _aInforme final, sistema modular de quincha con suelo-cemento | |
| 260 | _aLima | ||
| 260 | _c1992 | ||
| 300 | _as.n. | ||
| 520 | _aUn sistema modular de quincha con suelo-cemento | ||
| 650 | _aCEMENTO | ||
| 650 | _aCONSTRUCCION | ||
| 650 | _aCONSTRUCCIONES EN TIERRA | ||
| 650 | _aQUINCHA | ||
| 942 | _cLIB | ||
| 999 |
_c3315 _d3315 |
||